00633nam a22002177a 450000500170000001000130001702000230003003500130005303700160006604000120008208200130009410000190010724500740012626000450020027000470024530000240029250000330031665000220034965000260037170000180039720170124110204.0 aA-939285 c250.00a8120313208 aA-939285 bCen Lib/Ret aDPLbEN a006bVIL aVillami, John  aMultimedia :cby John Villamil [and] Louis Molina ban introduction / aNew DelhibPrentice hall of India c1998 bNew DelhiaM-97, Connaught circus e110001 axii,194p.c25cm(Hb) aIncludes glossary and index  aComputer science  aMultimedia technology aMolina, Louis